[Event "Elite Players Over 2400"]
[Site "SchemingMind.com"]
[Date "2021.10.06"]
[Round "-"]
[White "Jari Laine"]
[Black "MichaelChess"]
[Result "1/2-1/2"]
[WhiteCountry "FIN"]
[BlackCountry "CUB"]
[WhiteElo "2474"]
[WhiteRD "83"]
[BlackElo "2500"]
[BlackRD "79"]
[GameID "716158"]

1. e4 c5 2. Nf3 d6 3. d4 cxd4 4. Qxd4 Nf6 5. Be2 g6 6. c4 Nc6 7. Qe3 Bg7 8. O-O Ng4 9. Qd2 O-O 10. Nc3 Qa5
11. Nd5 Qxd2 12. Nxd2 Nf6 13. Rb1 Nxd5 14. cxd5 Nd4 15. Bd3 Bd7 16. Nf3 Nxf3+ 17. gxf3 Rac8 18. Re1 a6 19. Bg5 Rfe8 20. Rec1 Kf8
21. b3 Rxc1+ 22. Rxc1 Rc8 23. Rxc8+ Bxc8 24. f4 h6 25. Bh4 Bd4 26. Kg2 f5 27. f3 Be3 28. Bg3 e6 29. dxe6 Bxe6 30. Kf1 Bc1
31. Ke1 Ba3 32. Kd2 Ke7 33. Bh4+ Kd7 34. Bf6 b5 35. Bd4 Kc6 36. Bf6 Bb4+ 37. Ke2 h5 38. Bc2 Ba3 39. Kd2 Bc5 40. Bg5 Bb4+
41. Ke2 Bc5 42. a4 Bd4 43. Kd2 Bg1 44. h4 Bc5 45. Be7 Bd4 46. Kd3 Bc5 47. e5 Bf2 48. exd6 Bc5 49. Bf8 Bd7 50. axb5+ axb5
51. Bd1=
1/2-1/2

[Event "Elite Players Over 2400"]
[Site "SchemingMind.com"]
[Date "2021.10.05"]
[Round "-"]
[White "MichaelChess"]
[Black "Jari Laine"]
[Result "1/2-1/2"]
[WhiteCountry "CUB"]
[BlackCountry "FIN"]
[WhiteElo "2500"]
[WhiteRD "79"]
[BlackElo "2474"]
[BlackRD "83"]
[GameID "716159"]

1. e4 c6 2. d4 d5 3. Nc3 dxe4 4. Nxe4 Nf6 5. Nxf6+ exf6 6. c3 Bd6 7. Bd3 O-O 8. Qc2 Re8+ 9. Be3 h6 10. Ne2 Nd7
11. h3 Nf8 12. O-O b6 13. Rad1 Ng6 14. Bxg6 fxg6 15. Qxg6 Be6 16. Bxh6 Qd7 17. d5 Bxd5 18. Nf4 Bxf4 19. Bxf4 Qf7 20. Qxf7+ Kxf7
21. Be3 b5 22. Rfe1 a5 23. a4 bxa4 24. Bc5 Rad8 25. Rxe8 Rxe8 26. Rd4 Re2 27. Ba3 g5 28. Rxa4 Re1+ 29. Kh2 Re2 30. Kg3 f5
31. h4 f4+ 32. Kg4 Kg6 33. c4 Be6+ 34. Kf3 Rc2 35. Rxa5 gxh4 36. b3 Rc3+ 37. Kxf4 Rxb3 38. Ra6 Kf6 39. f3 Bxc4 40. Rxc6+ Be6
41. Bc5 Rb5 42. Rc7 h3 43. Bd4+ Kg6 44. gxh3 Bxh3 45. Rg7+ Kh6 46. Rc7 Bf5 47. Rc6+ Kh7 48. Rc7+ Kh6 49. Rc6+ Kh7 50. Bc5 Bb1
51. Rc7+ Kg6 52. Rc6+ Kh5 53. Be3=
1/2-1/2

[Event "Elite Players Over 2400"]
[Site "SchemingMind.com"]
[Date "2021.10.06"]
[Round "-"]
[White "The Chess Machine"]
[Black "MichaelChess"]
[Result "1/2-1/2"]
[WhiteCountry "ENG"]
[BlackCountry "CUB"]
[WhiteElo "2543"]
[WhiteRD "77"]
[BlackElo "2466"]
[BlackRD "86"]
[GameID "716160"]

1. e4 c5 2. Nc3 Nc6 3. Nf3 g6 4. d4 cxd4 5. Nxd4 Bg7 6. Be3 Nf6 7. Bc4 O-O 8. Bb3 d6 9. f3 Bd7 10. h4 h5
11. Qd2 Na5 12. O-O-O Nxb3+ 13. cxb3 Qa5 14. Kb1 Rfe8 15. Nc2 Rab8 16. a3 Rbc8 17. Bd4 e5 18. Bg1 d5 19. exd5 Bf5 20. Ka2 e4
21. Ne3 Bd7 22. Nxe4 Qxd2 23. Nxd2 b5 24. g3 Bh6 25. Ndf1 a5 26. Rh2 a4 27. b4 Re7 28. Rhd2 Bh3 29. Rd3 Rd7 30. b3 Rdc7
31. Nd2 Nd7 32. f4 Bg7 33. bxa4 Bf5 34. Nxf5 Rc2+ 35. Kb1 Rb2+ 36. Ka1 Rcc2=
1/2-1/2

[Event "Elite Players Over 2400"]
[Site "SchemingMind.com"]
[Date "2021.10.05"]
[Round "-"]
[White "MichaelChess"]
[Black "The Chess Machine"]
[Result "1/2-1/2"]
[WhiteCountry "CUB"]
[BlackCountry "ENG"]
[WhiteElo "2466"]
[WhiteRD "86"]
[BlackElo "2543"]
[BlackRD "77"]
[GameID "716161"]

1. e4 e6 2. d4 d5 3. Nc3 Nf6 4. e5 Nfd7 5. f4 c5 6. Nf3 Nc6 7. Be3 Be7 8. Qd2 O-O 9. Be2 a6 10. O-O b5
11. a3 Qb6 12. Nd1 a5 13. c3 cxd4 14. Nxd4 Nxd4 15. Bxd4 Nc5 16. Qc2 a4 17. Kh1 Qc6 18. Bxc5 Bxc5 19. Nf2 Bb7 20. Rad1 Rad8
21. Bd3 g6 22. Ng4 Kg7 23. Nf6 d4 24. Be4 Qb6 25. cxd4 Bxd4 26. Bxb7 Qxb7 27. h4 h5 28. b4 Be3 29. Rd3 Qa7 30. Rf3 Rc8
31. Qe2 Rc1+ 32. Kh2 Bg1+ 33. Kh3 Bb6 34. Kg3 Rh1 35. Rd7 Qa8 36. f5 exf5 37. Qd2 Bg1 38. Nxh5+ gxh5 39. Qg5+ Kh8 40. Qh6+=
1/2-1/2

[Event "Elite Players Over 2400"]
[Site "SchemingMind.com"]
[Date "2021.10.09"]
[Round "-"]
[White "ramesse"]
[Black "MichaelChess"]
[Result "1/2-1/2"]
[WhiteCountry "SVK"]
[BlackCountry "CUB"]
[WhiteElo "2505"]
[WhiteRD "70"]
[BlackElo "2507"]
[BlackRD "78"]
[GameID "716162"]

1. e4 c5 2. Nf3 d6 3. d4 cxd4 4. Nxd4 Nf6 5. Nc3 a6 6. Be3 e5 7. Nb3 Be6 8. f3 Nbd7 9. g4 b5 10. g5 Nh5
11. Qd2 Be7 12. O-O-O O-O 13. Nd5 Bxd5 14. exd5 f6 15. h4 Ng3 16. Rg1 Nxf1 17. Rdxf1 a5 18. Qd3 b4 19. Nd2 f5 20. Kb1 a4
21. Nc4 Qc7 22. Rd1 Rfc8 23. b3 g6 24. Qe2=
1/2-1/2

[Event "Elite Players Over 2400"]
[Site "SchemingMind.com"]
[Date "2021.10.08"]
[Round "-"]
[White "MichaelChess"]
[Black "ramesse"]
[Result "1/2-1/2"]
[WhiteCountry "CUB"]
[BlackCountry "SVK"]
[WhiteElo "2507"]
[WhiteRD "78"]
[BlackElo "2505"]
[BlackRD "70"]
[GameID "716163"]

1. e4 c5 2. Nf3 d6 3. d4 cxd4 4. Nxd4 Nf6 5. Nc3 a6 6. h3 e5 7. Nde2 h5 8. g3 Be7 9. Bg2 b5 10. Nd5 Nxd5
11. Qxd5 Ra7 12. Be3 Rb7 13. Qd2 Nd7 14. O-O O-O 15. Rfd1 Nf6 16. Kh2 Be6 17. Rac1 Qd7 18. f4 Rc8 19. Nc3 Rbc7 20. f5 Bc4
21. a3 a5 22. Bb6 b4 23. Nb1 Rc6 24. Bxa5 Ba2 25. Bxb4 Bxb1 26. Rxb1 Rxc2 27. Qd3 h4=
1/2-1/2

[Event "Elite Players Over 2400"]
[Site "SchemingMind.com"]
[Date "2021.10.10"]
[Round "-"]
[White "Giraldo Menendez Rodriguez"]
[Black "MichaelChess"]
[Result "1/2-1/2"]
[WhiteCountry "CUB"]
[BlackCountry "CUB"]
[WhiteElo "2576"]
[WhiteRD "73"]
[BlackElo "2507"]
[BlackRD "78"]
[GameID "716164"]

1. Nf3 Nf6 2. c4 c5 3. Nc3 Nc6 4. g3 d5 5. d4 cxd4 6. Nxd4 e5 7. Nxc6 bxc6 8. Bg2 Rb8 9. Bg5 Rxb2 10. O-O Qa5
11. Qc1 Rb4 12. cxd5 Rc4 13. Qb1 Be7 14. d6 Bxd6 15. Qd3 Rd4 16. Bxc6+ Kf8 17. Qe3 h6 18. Bxf6 gxf6 19. Nb5 Rd2 20. Rfc1 a6
21. Be4 Be6 22. Nc3 Rd4 23. Qf3 Be7 24. Rab1 Kg7 25. Bf5 Rc8 26. Bxe6 fxe6 27. Rb7 Rc7 28. Rcb1 Rdc4 29. Rxc7 Qxc7 30. Rb7 Qd8
31. Kg2 Rc7 32. Rb3 Rc4 33. Rb7 Rc7 34. Rb3 Rc4 35. h4 Qc8 36. e4 Qa8 37. Qg4+ Kf7 38. Qh5+ Kg7 39. Qd1 Kf7 40. Qh5+ Kg7=
1/2-1/2

[Event "Elite Players Over 2400"]
[Site "SchemingMind.com"]
[Date "2021.10.10"]
[Round "-"]
[White "MichaelChess"]
[Black "Giraldo Menendez Rodriguez"]
[Result "1/2-1/2"]
[WhiteCountry "CUB"]
[BlackCountry "CUB"]
[WhiteElo "2507"]
[WhiteRD "78"]
[BlackElo "2576"]
[BlackRD "73"]
[GameID "716165"]

1. e4 c5 2. Nf3 d6 3. d4 cxd4 4. Nxd4 Nf6 5. Nc3 a6 6. h3 e5 7. Nde2 h5 8. g3 Be6 9. Bg2 b5 10. O-O Nbd7
11. Be3 Be7 12. Nd5 Nxd5 13. exd5 Bf5 14. f4 Rc8 15. c3 Bh7 16. fxe5 dxe5 17. d6 Bg5 18. Qd2 Bxe3+ 19. Qxe3 O-O 20. Rad1 Rb8
21. Kh2 Bg6 22. Qa7 Rb6 23. Qc7 Nf6 24. Rd2 Rb8 25. Qc5 Re8 26. Rfd1 Be4 27. d7 Re6 28. Rd6 Rxd6 29. Qxd6 Rb7 30. Qxe5 Bxg2
31. Kxg2 Rxd7 32. Rxd7 Qxd7 33. Nd4 Qb7+ 34. Nf3= Ne4 35. Qxh5 b4 36. c4 b3 37. a3 Qa7 38. c5 Qd7 39. Qe5 Qd3 40. Nd4 Qd2+
41. Kf3 Ng5+ 42. Kg4 Qxb2 43. Qe8+ Kh7 44. Qe3 Ne6 45. Nxe6 fxe6 46. Qe4+ g6=
1/2-1/2

[Event "Elite Players Over 2400"]
[Site "SchemingMind.com"]
[Date "2021.10.10"]
[Round "-"]
[White "Servelión Graterol Hernández"]
[Black "MichaelChess"]
[Result "1/2-1/2"]
[WhiteCountry "VEN"]
[BlackCountry "CUB"]
[WhiteElo "2571"]
[WhiteRD "68"]
[BlackElo "2507"]
[BlackRD "78"]
[GameID "716166"]

1. Nf3 Nf6 2. a3 c5 3. g3 d5 4. Bg2 Nc6 5. d4 cxd4 6. Nxd4 Qb6 7. Nxc6 bxc6 8. c4 e6 9. O-O Be7 10. Nc3 O-O
11. cxd5 cxd5 12. b4 Bb7 13. Be3 Qd6 14. Qb3 Rfc8 15. Rfc1 Qd7 16. Bd4 Bd6 17. Na4 Ba6 18. Nc5 Bxc5 19. Rxc5 Rxc5 20. bxc5 Bxe2
21. Bxf6 gxf6 22. Qb2 Bc4 23. Qxf6 Rc8 24. Qg5+ Kf8 25. Qh4 Qb5 26. Qxh7=
1/2-1/2

[Event "Elite Players Over 2400"]
[Site "SchemingMind.com"]
[Date "2021.10.05"]
[Round "-"]
[White "MichaelChess"]
[Black "Servelión Graterol Hernández"]
[Result "1/2-1/2"]
[WhiteCountry "CUB"]
[BlackCountry "VEN"]
[WhiteElo "2507"]
[WhiteRD "78"]
[BlackElo "2571"]
[BlackRD "68"]
[GameID "716167"]

1. e4 c5 2. Nf3 d6 3. d4 cxd4 4. Nxd4 Nf6 5. Nc3 a6 6. h3 e5 7. Nde2 h5 8. g3 Be6 9. Bg2 b5 10. O-O Nbd7
11. Nd5 Nxd5 12. exd5 Bf5 13. Be3 Be7 14. f4 Rc8 15. c3 Bh7 16. fxe5 dxe5 17. d6 Bg5 18. Qd2 Bxe3+ 19. Qxe3 O-O 20. Rad1 Rb8
21. b3 Bg6 22. Rd2 Qb6=
1/2-1/2

[Event "Elite Players Over 2400"]
[Site "SchemingMind.com"]
[Date "2021.10.10"]
[Round "-"]
[White "Carlos Vila Hernández"]
[Black "MichaelChess"]
[Result "1-0"]
[WhiteCountry "CUB"]
[BlackCountry "CUB"]
[WhiteElo "2524"]
[WhiteRD "82"]
[BlackElo "2483"]
[BlackRD "82"]
[GameID "716168"]

1. e4 c5 2. Nf3 d6 3. d4 cxd4 4. Nxd4 Nf6 5. Nc3 a6 6. Be3 e5 7. Nb3 Be6 8. f3 Be7 9. Qd2 O-O 10. O-O-O Nbd7
11. g4 b5 12. g5 Nh5 13. Kb1 Nb6 14. Nd5 Nxd5 15. exd5 Bf5 16. Na5 Qc7 17. Nc6 Qd7 18. h4 Rfe8 19. Rg1 Bf8 20. Rc1 f6
21. Ka1 Bg6 22. a3 f5 23. c4 bxc4 24. Bxc4 Kh8 25. Rh1 f4 26. Bf2 Qf7 27. Rc3 a5 28. Rg1 Qd7 29. Bb5 Qh3 30. Qe1 Kg8
31. a4 Bf7 32. Qd1 Bg6 33. Rh1 Qg2 34. Qg1 Qxg1+ 35. Rxg1 Bf7 36. Rd3 Bg6 37. Rc3 Bf7 38. Rgc1 Ng3 39. Na7 Red8 40. Nc8 Be8
41. Bb6 Bxb5 42. axb5 Rd7 43. Rc6 Rb8 44. Ka2 a4 45. Ka3 e4 46. fxe4 f3 47. Re1 Rf7 48. Bf2 Rxb5 49. Bxg3 f2 50. Rf1 Rb3+
51. Kxa4 Rxg3 52. Rc2 Re3 53. Rcxf2 Rxe4+ 54. Kb5 Rxf2 55. Rxf2 Rxh4 56. b4 Rd4 57. Rb2 Rxd5+ 58. Kc6 Rxg5 59. b5 Rc5+ 60. Kd7 Rf5
61. b6 Rf7+ 62. Kc6 d5 63. b7 Rxb7 64. Rxb7 d4 65. Kd5 h5 66. Ke6
1-0

[Event "Elite Players Over 2400"]
[Site "SchemingMind.com"]
[Date "2021.10.05"]
[Round "-"]
[White "MichaelChess"]
[Black "Carlos Vila Hernández"]
[Result "1/2-1/2"]
[WhiteCountry "CUB"]
[BlackCountry "CUB"]
[WhiteElo "2466"]
[WhiteRD "86"]
[BlackElo "2493"]
[BlackRD "85"]
[GameID "716169"]

1. e4 e5 2. Nf3 Nc6 3. Bc4 Nf6 4. Ng5 d5 5. exd5 Na5 6. Bb5+ c6 7. dxc6 bxc6 8. Bd3 Nd5 9. Nf3 Bd6 10. O-O Nf4
11. Re1 Nxd3 12. cxd3 O-O 13. Nxe5 c5 14. Nc3 Bb7 15. b3 Re8 16. Nc4 Rxe1+ 17. Qxe1 Nxc4 18. dxc4 Bxh2+ 19. Kxh2 Qh4+ 20. Kg1 Bxg2
21. Kxg2 Qg4+ 22. Kh1 Qh3+=
1/2-1/2